000 01015nam a2200241Ia 4500
999 _c37888
_d37888
001 3866
003 GE_BSU
005 20190822172419.0
008 181216s1966||||ge |||||||||||||| ||geo||
040 _cGE_BSU
041 _ageo
080 _a27–14 გ–29
100 _aგელაშვილი, ანტონ
_93745
245 _aღმერთის ცნების საკითხისათვის /
_cრედ.დ. კალანდაძე; საქ. სსრ მეცნ. აკადემია.
264 _a თბ. :
_bმეცნიერება,
_c1966.
300 _a82 ვვ. ;
_b17 სმ.
504 _aბიბლიოგრ. ტექსტის შენიშვნებში
546 _a პარალ. თავფურ. რუს. ენაზე.
653 _aრელიგია
653 _aღმერთის ცნება
700 _aკალანდაძე, დ.
_eრედაქტორი
_93746
942 _cBK
_2udc